| 000 | 03206nam a22003617a 4500 | ||
|---|---|---|---|
| 999 |
_c61402 _d61402 |
||
| 003 | Ge_BSU | ||
| 005 | 20240325113206.0 | ||
| 008 | 240306s2023 ge ||||| |||| 00| 0 geo d | ||
| 020 | _a9789941861758 | ||
| 041 | _ageo | ||
| 080 | _a378.014.543(479.22) შ-21 | ||
| 100 |
_aშაინიძე, ეკატერინე _911225 |
||
| 245 |
_aუმაღლესი განათლების სახელმწიფო დაფინანსების გავლენა ქვეყნის სოციალურ-ეკონომიკურ განვითარებაზე = The influence of government funding of higher education on the socio-economic development of the country : _b მონოგრაფია / _cავტორები: ეკატერინე შაინიძე, გიორგი ქათამაძე, ნესტან ვარშანიძე, გიორგი აბაშიძე [და სხვა]; ბათუმის შოთა რუსთაველის სახელმწ. უნივერსიტეტი, ეკონომიკისა და ბიზნესის ფაკულტეტი. |
||
| 264 |
_aბათუმი, _c2023. |
||
| 300 |
_a248 გვ. : _b დიაგრ., ცხრ. ; _c 21 სმ |
||
| 500 | _aგარეკანი და ტექსტი ქართულ და ინგლისურ ენებზე. | ||
| 501 | _aგამოცემა დაფინანსებულია ბათუმის შოთა რუსთაველის სახელმწ. უნივერსიტეტის მიერ. | ||
| 504 | _aბიბლიოგრაფია: გვ. 244-247 | ||
| 653 | _aუმაღლესი განათლების დაფინანსება საქართველოში. | ||
| 700 |
_aქათამაძე, გიორგი _e ავტორი _93843 |
||
| 700 |
_aვარშანიძე, ნესტან _eავტორი _921344 |
||
| 700 |
_aაბაშიძე, გიორგი, _eავტორი _91217 |
||
| 700 |
_aმამულაძე, ნინო _e ავტორი _921345 |
||
| 700 |
_aფოლადაშვილი, თამარ _eავტორი _913667 |
||
| 700 |
_aსურმანიძე, იამზე _eავტორი _913683 |
||
| 700 |
_aგიორგაძე, ტარიელ და სხვ. _eავტორი _921346 |
||
| 700 |
_aღოღობერიძე, თამარ _eავტორი, მთარგმნელი _93192 |
||
| 700 |
_aაროშიძე, პაატა _eსამეცნიერო რედაქტორი _94137 |
||
| 700 |
_aმოსიაშვილი, დათო _eდიზაინერი. _97743 |
||
| 710 |
_aბათუმის შოთა რუსთაველის სახელმწ. უნივერსიტეტი. _bეკონომიკისა და ბიზნესის ფაკულტეტი _921347 |
||
| 773 | _tნაჩუქარი | ||
| 942 |
_2udc _cᲬᲘᲒᲜᲘ |
||